[Event "Groningen PCA"]
[Site "Groningen"]
[Date "1993.??.??"]
[Round "10"]
[White "Granda Zuniga, Julio E"]
[Black "Lobron, Eric"]
[Result "1/2-1/2"]
[WhiteElo "2605"]
[BlackElo "2575"]
[Annotator "Hansen,Cu"]
[PlyCount "136"]
[EventDate "1993.12.??"]
[EventType "swiss"]
[EventRounds "11"]
[EventCountry "NED"]
[SourceTitle "CBM 039"]
[Source "ChessBase"]
[SourceDate "1994.04.01"]
[SourceVersion "1"]
[SourceVersionDate "1994.04.01"]
[SourceQuality "1"]

1. d4 Nf6 2. c4 e6 3. Nc3 Bb4 4. e3 O-O 5. Bd3 d5 6. a3 Bxc3+ 7. bxc3 dxc4 8.
Bxc4 c5 9. Nf3 Qc7 10. Ba2 b6 11. O-O Bb7 12. Bb2 (12. Ne5 Nbd7 (12... Nc6 13.
Nxc6 Qxc6 14. f3 Rfd8 15. Bb2 Rac8 16. e4 e5 17. d5 Qb5 18. Qb3 Qxb3 19. Bxb3
c4 20. Bc2 $14 {Levitt,J-Kosten,A/Hastings B/1991/}) 13. Nxd7 Qxd7 14. f3 Rfd8
15. Bb2 Rac8 (15... Ba6 16. Rf2 Rac8 17. e4 Ne8 18. Rd2 cxd4 19. cxd4 Bc4 20.
Bxc4 Rxc4 21. d5 $14 {Bagirov,V-Makarichev,S/USSR/1979/}) 16. e4 $14 {Levitt,
J-Petursson,M/Hafnarfirdi/1992/}) (12. h3 Nbd7 13. Bb2 c4 14. Nd2 b5 15. Qc2
Nb6 16. Rae1 Na4 $13 {Levitt,J-Chandler,M/London WFW/1990/}) (12. c4 Nbd7 13.
Bb2 Rad8 14. Qe2 (14. Re1 Rfe8 15. Rc1 {Gulko,B-Piskov,Y/Helsinki op/1992/} Qb8
$1 $13) (14. d5 exd5 15. cxd5 c4 16. d6 Qc6 17. Rc1 b5 18. Bb1 Rfe8 19. Re1 Re6
$17 {Hansen,C-Larsen,B/Reykjavik/1985/}) 14... cxd4 15. exd4 Ng4 16. Ne5 Ndxe5
17. dxe5 h5 18. f3 Qc5+ 19. Kh1 Qe3 $17 {Biaux,A-Brilla Banfalvi,S/corr/1989/})
12... Nbd7 13. Qe2 Rac8 (13... Ng4 $2 14. e4) 14. Rac1 Rfe8 (14... e5 $5) 15.
Rfd1 Bc6 16. c4 (16. h3 $5 {/\Bb1+e3-e4}) 16... cxd4 17. Nxd4 (17. exd4 Qb7 18.
Ne1 b5 $15) 17... Ba4 18. Nb5 (18. Re1 Nc5 $10) 18... Bxd1 (18... Bxb5 19. cxb5
$14) 19. Rxd1 Qb8 20. Nd6 Rc7 21. Nxe8 Qxe8 {>< c5, קc4} 22. Qf3 e5 (22... Qe7
$5 {/\Nc5}) 23. g4 {/\g5 +-} h6 24. h3 (24. h4 Qe6 25. g5 hxg5 26. hxg5 Nh7 $17
) 24... Nc5 25. Qf5 $6 (25. Bb1 $5 Rd7 (25... Na4 $2 26. Bxe5 Qxe5 27. Rd8+ Ne8
28. Qf5 $16) 26. Rxd7 Nfxd7 27. Qd5 $13) 25... Rd7 26. Rxd7 Nfxd7 27. Bb1 e4
28. Kg2 Qe7 29. Bc2 Qe6 (29... g6 $2 30. Qd5 {/\Qd4 /^a1-h8}) 30. Qd5 Qxd5 31.
cxd5 g5 32. f3 exf3+ 33. Kxf3 f6 $15 34. Bf5 $6 Ne5+ 35. Ke2 (35. Bxe5 $2 fxe5
$17 {/\Kf7-f6+Nb7-d6}) 35... Kf7 36. Bc2 Ke7 37. Bd4 Kd6 38. e4 Ned7 39. Kd2
Ne5 {/\Nf3+} 40. Ke2 Ke7 41. a4 a5 {קa4,קe4,קh3} 42. Kf2 Ng6 43. Be3 Kd6 44.
Bd4 Ke7 45. Be3 Ne5 46. Ke2 Ncd7 47. Bd4 Ng6 48. Kf3 Kd6 49. Bd3 Nge5+ 50. Ke3
Nc5 51. Bc2 Kc7 52. Bc3 Ncd7 53. Bd4 Nc4+ 54. Ke2 Kd6 55. Kd3 Nce5+ 56. Ke3 Nc5
57. Kf2 Ke7 58. Ke2 Ng6 59. Kf3 Nf4 60. Be3 Ng6 (60... Nxh3 61. Kg3 Nf4 62.
Bxf4 gxf4+ 63. Kxf4 $10) 61. Bd4 Kf7 62. Bc3 Nd7 63. Bd4 Nge5+ 64. Ke2 Kg6 65.
Kf2 Nc5 66. Kg3 h5 67. gxh5+ Kxh5 68. Bc3 Ned7 1/2-1/2

[Event "Groningen Festival"]
[Site "Groningen"]
[Date "1998.12.27"]
[Round "7"]
[White "Yermolinsky, Alex"]
[Black "Piket, Jeroen"]
[Result "1/2-1/2"]
[WhiteElo "2625"]
[BlackElo "2605"]
[Annotator "Hecht,H"]
[PlyCount "85"]
[EventDate "1998.12.20"]
[EventType "tourn"]
[EventRounds "10"]
[EventCountry "NED"]
[EventCategory "16"]
[SourceTitle "CBM 069"]
[Source "ChessBase"]
[SourceDate "1999.04.01"]
[SourceVersion "1"]
[SourceVersionDate "1999.04.01"]
[SourceQuality "1"]

1. d4 Nf6 2. c4 e6 3. Nc3 Bb4 4. e3 O-O 5. Bd3 d5 6. Nf3 b6 7. O-O Bb7 8. cxd5
exd5 9. Ne2 Bd6 10. b3 Nbd7 11. Bb2 Qe7 12. Rc1 a6 13. Qc2 Rac8 14. Ng3 g6 15.
Qe2 b5 16. a4 c6 17. axb5 cxb5 18. Rxc8 Rxc8 19. Rc1 Rxc1+ 20. Bxc1 Ne4 21. Qc2
Nxg3 22. hxg3 Nb8 23. Bd2 Nc6 24. Kf1 Qe8 25. Ng1 Nb4 26. Bxb4 Bxb4 27. Ne2 Qc6
28. Nf4 Bd6 29. Qxc6 Bxc6 30. Bc2 Bxf4 31. gxf4 {[#] Schwarz hat die bessere
Bauernstruktur, der schlechte Läufer hindert ihn indes am Gewinn} a5 32. Ke2 f5
(32... h5 $5 33. Kd2 Kg7 34. Kc3 f6 35. b4 a4 36. Kb2 g5 {mit der Idee, am
äußersten Königsflügel einen Freibauern zu bilden, ist eine nähere
Untersuchung wert. Ich denke, daß Weiß eine Festung bauen kann, beginnend mit
etwa} 37. Bf5) 33. Kd2 Kg7 34. Bd1 Kf6 35. g3 Ke7 36. b4 a4 37. Kc3 Kf6 38. Be2
h6 39. Bd1 Bd7 40. Bf3 Bc6 41. Bd1 g5 42. fxg5+ hxg5 43. f4 1/2-1/2

[Event "RUS-Cup01 Chigorin Memorial"]
[Site "St Petersburg"]
[Date "1997.11.09"]
[Round "9"]
[White "Ibragimov, Ildar"]
[Black "Shariyazdanov, Andrey"]
[Result "1-0"]
[WhiteElo "2585"]
[BlackElo "2465"]
[Annotator "Hecht,H"]
[PlyCount "151"]
[EventDate "1997.11.01"]
[EventType "swiss"]
[EventRounds "9"]
[EventCountry "RUS"]
[SourceTitle "CBM 062"]
[Source "ChessBase"]
[SourceDate "1998.01.31"]
[SourceVersion "1"]
[SourceVersionDate "1998.01.31"]
[SourceQuality "1"]

1. d4 Nf6 2. c4 e6 3. Nc3 Bb4 4. e3 b6 5. Bd3 Bb7 6. Nf3 O-O 7. O-O d5 8. a3
Bd6 9. Nb5 dxc4 10. Bxc4 Be7 11. Qe2 Nbd7 12. Rd1 Ne4 13. Nc3 Ndf6 14. Ne5 Qc8
15. f3 Nxc3 16. bxc3 c5 17. e4 Rd8 18. Bf4 Nh5 19. Be3 Nf6 20. Qa2 a6 21. a4
Bd6 22. Qb3 Qc7 23. Bg5 Re8 24. Bxf6 gxf6 25. Ng4 Kg7 26. Rab1 Bc6 27. d5 Bxa4
28. Qxa4 b5 29. Qc2 bxc4 30. g3 h5 31. Ne3 h4 32. dxe6 fxe6 33. Nxc4 Rad8 34.
f4 hxg3 35. hxg3 Rg8 36. Rd3 Be7 37. Rbd1 Rxd3 38. Rxd3 Qc6 39. Qe2 Rh8 40. Rd1
Kf7 41. Kg2 Kf8 42. Rb1 Bd8 43. Rb8 Ke7 44. Qd3 Re8 45. Qb1 Bc7 46. Qb7 Qxb7
47. Rxb7 Kd7 48. Ra7 Kc6 49. Rxa6+ Kb5 50. Nd6+ Bxd6 51. Rxd6 {[#]
Stellungsmerkmale: weißer Mehrbauer - aktiver schwarzer König. Schwarz hat
Kompensation.} Kc4 {[%csl Rc3]} 52. Rc6 Kxc3 (52... Kd3 $5 53. Rxc5 (53. Kf3 c4
54. Rc7 Kxc3 55. Rf7 Kd2 56. Rxf6 c3 $132) 53... Kxe4 54. Z0 $140 (54. Rc6 Kd5
55. Ra6 Rc8 56. Ra3 Ke4 $132) 54... e5 $132) 53. e5 $1 f5 54. Rxc5+ Kd4 55. Rc6
Ke4 56. Ra6 Ke3 57. Rb6 Re7 58. Rc6 Re8 59. Ra6 Re7 60. Ra3+ Ke4 61. Kf2 Rb7
62. Ra4+ Kd5 63. Ra6 Re7 64. Kf3 Rd7 65. Ra5+ Kc6 66. Ra3 Rd1 67. Ra7 Rd8 68.
g4 fxg4+ 69. Kxg4 Rg8+ 70. Kf3 Rb8 71. Re7 Rb3+ 72. Kg4 Kd5 73. Kg5 Rb1 74. Kf6
Ke4 {[#] Wie ist der Be6 zu nehmen? Eine Medaille für die beiderseitige
Endspielpatzerei!} 75. Kxe6 $2 (75. Rxe6 $1 Kxf4 (75... Rf1 76. Ra6 Rxf4+ 77.
Ke6 $18 {[%cal Ra6a4]}) (75... Rh1 76. Rd6 $18) 76. Ra6 $18 {[%cal Ra6a4,Re5e6]
Die Endspiel-CD bestätigt meine Auffassung und meint: Gewinn in 10 Zügen.})
75... Kxf4 {[#]} 76. Kf7 {R e m i s laut Endspiel-CD. Schuld ist die
unglückliche Position des weißen Turms. Doch Schwarz gibt auf - e i n  d i c k
e r  H u n d ! !} (76. Kf7 {auch 76.Kf6... ist nur remis (siehe weiter unten)}
Kf5 {läßt keine Wahl und ist deshalb am logischsten.} (76... Re1 $11 77. e6 Kf5
78. Re8 Rh1 79. Rf8 Ke5 $8 (79... Rh7+ 80. Kg8+ Kg6 81. Rf7 Rh1 82. Rg7+ $18 (
82. e7 $2 Rh8+ $11)) 80. e7 Rh7+ 81. Ke8 Ke6 $11) (76... Ke4 $11 77. e6 Rf1+ $8
78. Kg7 Ke5 $11) (76... Rb6 $11 {Die Analyse zu C, D und E überlasse ich Ihnen!
}) (76... Rf1 $11) (76... Rh1 $11) (76... Kg5 $2 77. e6 Rf1+ 78. Kg8 $1 (78.
Ke8 $1 $18) (78. Kg7 $2 Rf6 $1 $11) 78... Re1 79. Kf8 $8 Kh6 80. Re8 $1 (80.
Kf7 $5 $18) 80... Kg6 81. Ke7 $8 Kg7 82. Rc8 Ra1 83. Ke8 Kf6 84. e7 Kg7 (84...
Rh1 85. Rc6+) 85. Rc4 (85. Kd7 Rd1+ 86. Kc7 Rc1+ 87. Kb7 Rb1+ 88. Ka6 $18)
85... Re1 86. Rd4 Ra1 87. Kd7 Ra7+ 88. Ke6 Ra6+ 89. Rd6 Ra8 90. Rd8 Ra6+ 91.
Kd5 $18) 77. e6 Re1 (77... Rb6 $11 78. Re8 Ra6 79. e7 Rf6+ $8 80. Kg7 Rg6+ $8 (
80... Ke6 81. Rf8 $18) 81. Kh7 Kf6 $8 82. Rf8+ Kxe7 $11) 78. Re8 Rh1 79. Ke7
Ke5 $11) (76. Kf6 Rh1 77. e6 Rh6+ 78. Kg7 Kg5 79. Re8 Rg6+ 80. Kf7 Kf5 $11) 1-0

[Event "Donner Memorial-A"]
[Site "Amsterdam"]
[Date "1994.??.??"]
[Round "1"]
[White "Jussupow, Artur"]
[Black "Benjamin, Joel"]
[Result "1-0"]
[WhiteElo "2655"]
[BlackElo "2610"]
[Annotator "Jussupow,A"]
[PlyCount "83"]
[EventDate "1994.08.??"]
[EventType "tourn"]
[EventRounds "9"]
[EventCountry "NED"]
[EventCategory "15"]
[SourceTitle "CBM 043"]
[Source "ChessBase"]
[SourceDate "1994.12.01"]
[SourceVersion "1"]
[SourceVersionDate "1994.12.01"]
[SourceQuality "1"]

1. d4 {Hecht Ftacnik} Nf6 2. c4 e6 3. Nc3 Bb4 4. e3 O-O 5. Bd3 d5 6. Nf3 b6 7.
O-O Bb7 8. a3 Bd6 9. cxd5 exd5 10. b4 a6 11. Qb3 Nbd7 12. a4 Qe7 13. Ba3 Rfd8
14. b5 $5 (14. Rfe1 Nf8 15. b5 Bxa3 16. bxa6 Bxa6 17. Bxa6 Rxa6 18. Rxa3 {
Yusupov,A-Timman,J (09)/Linares cm/1992/1/2-1/2/49/} Kh8) 14... Bxa3 (14... a5
{Ftacnik} 15. Rfc1 Re8 $13) 15. bxa6 Bxa6 (15... Bd6 {Ftacnik} 16. axb7 Ra5 17.
Bb5 $16) 16. Bxa6 Rxa6 17. Rxa3 c6 18. Ra2 $1 $14 Rda8 (18... Ne4 $5 19. Rc1
$14) 19. Rc1 (19. Rc2 {Ftacnik} Qe6 20. Rb1 c5 $10) 19... h6 20. Rac2 {><c6}
Qd6 (20... Qe6 $5) (20... c5 $5 $14) 21. Nd2 Qe6 22. h3 Qf5 $2 (22... c5 $5 $14
) 23. Nf1 c5 24. Ng3 Qg5 (24... Qe6 25. Nge2 {/\Nf4}) 25. Rd2 cxd4 (25... c4
26. Qd1 $16 {/\Rb2,Rb1; ><d5,b6}) 26. Rxd4 $16 Nc5 27. Qd1 Ne6 (27... Rd8 {
Ftacnik} 28. Nge2 (28. e4 $2 Nb3 $1 29. Qxb3 Qxc1+) 28... Ne6 29. Rd2 $14) 28.
Rb4 Rc8 $2 (28... Rd8 $142 $16) (28... Qe5 {Ftacnik}) 29. Nxd5 Rxc1 30. Nxf6+
Qxf6 31. Qxc1 Nc5 32. Ne4 Qc6 $138 (32... Nxe4 {Ftacnik} 33. Rxe4 $18) 33. Nxc5
bxc5 34. Rb5 (34. Rb8+ $5 Kh7 35. Qc2+ Qg6 36. Qc4 Qe6 $16) 34... c4 $2 (34...
Rxa4 $142 35. Rb8+ $140 (35. Rxc5 $16 Qe4 $14 {Ftacnik}) 35... Kh7 36. Qc2+ Qe4
(36... g6 {Hecht} 37. Qb2 g5 38. Qh8+ Kg6 39. Rg8+ Kf5 40. Qh7+ $18) 37. Qxc5
Ra1+ 38. Kh2 Rc1 $1 39. Qxc1 (39. Qf8 $2 Qe5+ 40. g3 Qe4 $19) 39... Qe5+ 40. g3
Qxb8 $14) 35. Rb8+ Kh7 36. Qc2+ g6 (36... Qg6 37. Qxc4 $18) 37. Qc3 f6 38. Qb4
g5 (38... Ra7 39. Qf8 $18) (38... Qd7 {Ftacnik} 39. Rb7 $18) 39. Qe7+ Kg6 40.
Rg8+ Kh5 (40... Kf5 {Ftacnik} 41. g4#) 41. Qf7+ Kh4 42. g3+ (42. g3+ {Ftacnik}
Kxh3 43. Qh5#) 1-0

[Event "Candidates sf2"]
[Site "Linares"]
[Date "1992.??.??"]
[Round "9"]
[White "Jussupow, Artur"]
[Black "Timman, Jan H"]
[Result "1/2-1/2"]
[WhiteElo "2655"]
[BlackElo "2620"]
[Annotator "Jussupow,A"]
[PlyCount "98"]
[EventDate "1992.04.??"]
[EventType "match"]
[EventRounds "10"]
[EventCountry "ESP"]
[SourceTitle "Candidates"]
[Source "ChessBase"]
[SourceDate "1999.07.01"]
[SourceVersion "2"]
[SourceVersionDate "1999.07.01"]
[SourceQuality "1"]

1. d4 {Dautov Ftacnik} Nf6 2. c4 e6 3. Nc3 Bb4 4. e3 O-O 5. Bd3 d5 6. Nf3 b6 7.
O-O Bb7 8. cxd5 exd5 9. a3 Bd6 10. b4 a6 11. Qb3 Nbd7 (11... Qe7 {Dautov} 12.
b5 $1 $14) 12. a4 Qe7 (12... Ne4 {Ftacnik} 13. Nxd5 Ng5 14. Nxg5 (14. Be2 $5 {
Dautov}) 14... Qxg5 15. e4 Bxd5 16. Qxd5 Qxd5 17. exd5 Bxb4 18. Bf4 Nf6 $1 $10
{Ftacnik,L-Ligterink,G/Wijk/1985/}) (12... c6 $5 {Dautov} 13. Rb1 Qe7 14. Bf5
g6 15. Bh3 b5 16. axb5 axb5 17. Ng5 Nb6 18. e4 dxe4 19. Re1 Qc7 20. Ncxe4 Nxe4
21. Rxe4 Nd5 22. Bd2 Bxh2+ 23. Kh1 Bd6 $15 {Pavlovic,M-Huzman,A Vrnjacka Banja
1991}) (12... Re8 {Dautov} 13. Ba3 g6 (13... Qe7 {Dautov} 14. Rfe1 g6 15. h3
Qf8 16. Nd2 Rab8 17. b5 a5 18. Rec1 Rbc8 19. Ne2 Qe7 20. Nf4 Bxa3 21. Qxa3 Qxa3
22. Rxa3 c6 23. bxc6 Rxc6 24. Rac3 $16 {Schoen,W-Seul,G BL8687 Porz-Koblenz})
14. b5 a5 15. Rac1 Qe7 16. Bxd6 cxd6 17. Rc2 Rac8 18. Rfc1 Nf8 19. Ne2 Rxc2 20.
Rxc2 Ne6 $14 {Gligoric,S-Petrosjan,T Bugojno 1982}) 13. Ba3 (13. b5 {Dautov}
axb5 14. Nxb5 c5 15. Nxd6 Qxd6 16. Bf5 Ra6 $132 {><c4}) 13... Rfd8 (13... c6 $5
{Dautov}) 14. Rfe1 (14. h3 $5) 14... Nf8 15. b5 (15. Ra2 {Ftacnik} Ne4 $1 $132)
15... Bxa3 (15... axb5 {Ftacnik} 16. Bxd6 Qxd6 17. axb5 $14) (15... a5 {Ftacnik
} 16. Ne5 Ng6 17. f4 $14) 16. bxa6 $5 (16. Rxa3 $6 {Ftacnik} axb5 17. Nxb5 c6
18. Nc3 b5 $1) 16... Bxa6 17. Bxa6 Rxa6 (17... Bd6 {Ftacnik} 18. Bb7 Ra7 19.
Bxd5 $16) 18. Rxa3 c5 19. Ra2 (19. Rea1 {Ftacnik} Ne6 $13) 19... Ne4 (19... Ne6
) (19... Ne6 {Dautov} 20. Rd1 $14 {><d5}) 20. Rc1 (20. Nxd5 {Ftacnik} Qe6 21.
Qb5 Qxd5 22. Qxa6 Qxa2 $19) 20... c4 (20... Nxc3 $142 {Dautov} 21. Rxc3 Ne6 22.
Qb5 Rda8 $10) 21. Qb5 Nxc3 22. Rxc3 Qb7 23. Nd2 (23. a5 {Ftacnik} Rda8 24. Rca3
Qd7 25. Qb4 bxa5 26. Rxa5 $10) 23... Rda8 $2 (23... Nd7 $142 24. Rca3 Nf6 25.
Nb1 $140 Ne4 26. f3 Nd6 $132) 24. Rca3 {/\ Nb1-c3+/-} Qd7 (24... Ra5 {Dautov}
25. Qb4 b5 26. Nb1 Qd7 27. Nc3 bxa4 28. Rxa4 Rxa4 29. Rxa4 Rxa4 30. Nxa4 $16 {
><d5}) 25. Qb4 $2 (25. Qxd7 Nxd7 26. Nb1 $16 {/\ Nc3, Rb2-b5} (26. Nb1 {Ftacnik
} Nf6 27. Nc3 Kf8 $10 (27... Kf8 {Dautov} 28. Rb2 Ke7 29. f3 $16))) 25... Ng6
26. g3 $6 (26. h3) (26. Nb1 {Ftacnik} Nh4 27. h3 Qf5 $132) 26... h5 27. Nb1 (
27. e4 $6 {Ftacnik} dxe4 28. Qxc4 b5 $1) 27... h4 28. Nc3 Qg4 29. Qb2 (29. Qd6
$2 b5 30. Qxd5 b4 $19) (29. Nxd5 $2 Qf3 $19 {/\ h3} (29... Qd1+ {Ftacnik} 30.
Kg2 h3+ 31. Kxh3 Qh5+ 32. Kg2 Qxd5+ $19)) (29. Qb5 {Ftacnik} hxg3 30. hxg3 Ra5
31. Qxb6 Nh4 $40) 29... hxg3 30. fxg3 $8 (30. hxg3 $2 Nh4 31. Qe2 (31. Nxd5 {
Ftacnik} Nf3+ (31... Qd1+ 32. Kh2 Nf3+ 33. Kg2 Ne1+ $19) 32. Kg2 Ne1+ $40)
31... Qh3 $1 (31... Nf3+ {Dautov} 32. Kg2 Nh4+ 33. Kh2 (33. Kf1 $2 Qh3+ 34. Ke1
Qh1+ 35. Qf1 Nf3+ 36. Ke2 Qh5 $17) 33... Nf3+ 34. Kg2 Nh4+ $10) 32. gxh4 b5 33.
h5 b4 $19) 30... Ne7 31. Qf2 (31. Qe2 $2 {Ftacnik} Qxe2 (31... Qe6 32. Qf3 $10)
32. Nxe2 (32. Rxe2 {Dautov} b5 33. Nxb5 Rxa4 34. Rxa4 Rxa4 35. Kf2 $10) 32...
b5 $1) 31... b5 32. Nxb5 Rxa4 33. Rxa4 Rxa4 34. Nc3 (34. Rxa4 Qd1+ 35. Kg2 Qxa4
36. Nc3 (36. Qb2 {Ftacnik} Nf5 $40) 36... Qb3 37. Qd2 $17) 34... Rxa2 35. Qxa2
Qe6 (35... Qf3 {Ftacnik} 36. Qe2 $10) 36. Qe2 (36. e4 $6 Qb6 $1 37. Qd2 (37.
Nxd5 Qxd4+ (37... Nxd5 $2 38. Qa8+ Kh7 39. Qxd5 c3 40. Qf5+) 38. Qf2 $17) 37...
dxe4 38. Nxe4 Nd5 $17) 36... Nf5 $17 37. Kf2 (37. e4 {Ftacnik} dxe4 38. d5 Qb6+
$17) 37... Nd6 $17 38. Qc2 (38. Qf3 $2 {Ftacnik} Ne4+ 39. Nxe4 dxe4 40. Qf4 c3
41. Qc7 Qa2+ 42. Kf1 c2 $19) 38... f5 39. Ne2 (39. h3 {Ftacnik} Ne4+ 40. Kg2
Qd6 41. Nxe4 fxe4 $17) 39... Ne4+ 40. Kg2 (40. Kf3 {Ftacnik} Qa6 41. Nf4 Qa1
42. Kg2 c3 $19) 40... Nf6 (40... g5 $5) (40... c3 {Ftacnik} 41. Qa4 Qc8 42. Qb3
c2 43. Qxd5+ Kh8 44. Nc1 $13) (40... Qb6 {Dautov} 41. Qa4 $1) (40... Qa6 $1 {
Dautov} 41. Qb2 (41. Nf4 Qb5 42. Qa2 c3 $1 $17) 41... Kh7 $17 {/\Qa4-b3,c3})
41. Nf4 Qe4+ $6 (41... Ng4 $5 42. Nxe6 Nxe3+ 43. Kf2 Nxc2 44. Nc7 Nb4 $1 (44...
Nxd4 45. Nxd5 Kf7 46. Ke3 $10) 45. Ke3 Kf7 46. Kd2 Ke7 47. Kc3 Kd7 $19) (41...
Qxe3 {Ftacnik} 42. Qxf5 Qxd4 43. Qc8+ Kh7 (43... Kf7 $2 44. Qe6+ Kf8 45. Ng6#)
44. Qf5+ $10) (41... Qd7 {Dautov} 42. h4 Ng4 43. Kf3 $132 {><f5}) 42. Qxe4 dxe4
(42... fxe4 {Ftacnik} 43. Kf1 g5 44. Ne6 g4 45. Nf4 $15) 43. Kf2 $1 (43. h3 $5
g5 $1 (43... c3 44. Kf2 c2 (44... Nd5 45. Ke2 c2 46. Kd2 Nxe3 47. Ne2 $15) 45.
Ne2 Nd5 46. Ke1 Nxe3 47. Kd2 $15) 44. Ne2 Nd5 45. Kf2 Kf7 $17) 43... Ng4+ (
43... g5 {Ftacnik} 44. Ne6 $10) 44. Ke2 Nxh2 45. Ng6 c3 (45... Kh7 46. Ne7 (46.
Nf8+ $1 {Ftacnik} Kh6 47. d5 Kg5 48. d6 Kf6 49. d7 Ke7 50. Ne6 Kxd7 51. Nxg7
$10) 46... g6 47. d5 $132) (45... Kf7 {Ftacnik} 46. Ne5+ Ke6 47. Nxc4 $10) 46.
Ne7+ Kf7 47. Nxf5 Nf1 (47... Ke6 48. Nxg7+ Kd5 49. Nf5 Nf3 50. Kd1 Kc4 51. d5
$1 Kb3 {/\ Kb2} 52. Kc1 c2 53. d6 Kc3 54. Ne7 $1 (54. d7 Ne1 55. d8=Q Nd3+ 56.
Qxd3+ exd3 $19) 54... Ne5 55. Nd5+ Kb3 56. Nf4 $10) 48. Kd1 (48. Kxf1 $4 {
Ftacnik} c2 $19) 48... Kf6 49. g4 g6 {Yusupov} (49... g6 50. Nd6 Nxe3+ 51. Kc1
$10 (51. Ke2 {Ftacnik} c2 52. Kd2 Kg5 53. Nxe4+ Kxg4 54. d5 Nxd5 55. Kxc2 $10))
1/2-1/2

[Event "Candidates sf2"]
[Site "Linares"]
[Date "1992.??.??"]
[Round "5"]
[White "Jussupow, Artur"]
[Black "Timman, Jan H"]
[Result "1-0"]
[WhiteElo "2655"]
[BlackElo "2620"]
[Annotator "Jussupow,A"]
[PlyCount "99"]
[EventDate "1992.04.??"]
[EventType "match"]
[EventRounds "10"]
[EventCountry "ESP"]
[SourceTitle "Candidates"]
[Source "ChessBase"]
[SourceDate "1999.07.01"]
[SourceVersion "2"]
[SourceVersionDate "1999.07.01"]
[SourceQuality "1"]

1. d4 {Ftacnik} Nf6 2. c4 e6 3. Nc3 Bb4 4. e3 O-O 5. Bd3 d5 6. Nf3 b6 7. O-O
Bb7 8. cxd5 exd5 9. a3 Bd6 10. b4 a6 11. Qb3 Qe7 (11... Nbd7 {Ftacnik} 12. a4
Qe7 13. b5 axb5 14. Nxb5 c5 15. Nxd6 Qxd6 16. Bf5 c4 17. Qc2 Rfe8 18. Bb2 Bc8 {
0,5/Gligoric,S-Stean,M/Baden/1980/}) 12. b5 axb5 13. Nxb5 Nbd7 14. Bb2 {N} (14.
a4) 14... c5 15. Nxd6 Qxd6 16. Bf5 c4 $1 $10 17. Qc2 g6 (17... Rfe8 {Ftacnik}
18. Ne5 Bc8 $14) 18. Bxd7 (18. Bh3 $6 Ne4 19. Bxd7 Qxd7 20. Ne5 Qe6 21. f3 Nd6
$15) 18... Nxd7 (18... Qxd7 {Ftacnik} 19. Ne5 Qe6 20. f3 Nd7 21. Rfe1 f6 22.
Nxd7 Qxd7 23. e4 $14) 19. Ne5 Rfe8 (19... Nxe5 $6 {Ftacnik} 20. dxe5 Qe6 21.
Bd4 Bc6 22. f4 Ba4 23. Qb1 Bb3 24. f5 $16) (19... f6 $1 {Ftacnik} 20. Nxd7 (20.
Nf3 $5) 20... Qxd7 21. f3 (21. e4 dxe4 22. Qxc4+ Qd5 $10) 21... f5 $1 $10) 20.
Bc3 Bc6 (20... f6 {Ftacnik} 21. Nf3 $13) 21. Qb2 Ba4 $2 (21... f6 $10) (21...
f6 $1 {Ftacnik} 22. Nxd7 Bxd7 $10) 22. e4 $1 $14 f6 (22... dxe4 $5 23. Nxc4 Qe6
24. Ne3 Nf6 {/\ Nd5} (24... Bc6 25. d5 Bxd5 26. Rfd1 $44) 25. d5 Nxd5 26. Nxd5
Qxd5 27. Bh8 f6 28. Bxf6 $14 (28. Qxf6 Qf7) 28... Rac8 $5) (22... Nf6 {Ftacnik}
23. Nxf7 $5 (23. exd5 Nxd5 $22 24. Nxc4 $2 Qc6) (23. f3 dxe4 24. fxe4 Nxe4 25.
Nxf7 $40) 23... Kxf7 24. e5 Qe6 25. exf6 Qxf6 26. Rfe1 $16) 23. Nxd7 Qxd7 (
23... Bxd7 $142 24. e5 Qc6) 24. e5 $1 (24. exd5 $2 b5 $10) (24. Qxb6 $6 {
Ftacnik} Re6 $10) 24... Qe6 (24... fxe5 {Ftacnik} 25. dxe5 Qe6 26. Bd4 $16) (
24... f5 {Ftacnik} 25. Qxb6 Rab8 26. Qf6 $16) 25. exf6 $5 (25. Rae1 $5 f5 $14)
25... Qxf6 26. Rfe1 Rxe1+ (26... Re4 {Ftacnik} 27. Rxe4 dxe4 28. d5 Qd6 29. Qd2
$16) 27. Rxe1 Re8 28. Re5 Rxe5 (28... Qd6 {Ftacnik} 29. f3 $16) 29. dxe5 Qe6 $6
(29... Qf4 $1 {Dvoretzky} 30. h3 (30. e6 $2 Qg4 $1) 30... Bd7 $1 $14 {/\ b5})
30. Bd4 Bb3 $6 (30... b5 $142) (30... b5 {Ftacnik} 31. h3 h5 32. Qd2 $16) 31.
h3 h5 (31... Kf7 {Ftacnik} 32. g4 h5 33. f3 $16) 32. Qd2 {/\ Qb4; Qg5} Ba4 (
32... Qf5 {Ftacnik} 33. Qb4 Qe4 34. Qxb6 $16) 33. Qg5 $16 (33. Qb4) 33... Kf7 (
33... Be8 $142 34. f4 $140 Kf7 35. g4 hxg4 36. hxg4 Bd7) (33... Bd7 34. Qd8+
Kf7 35. Bxb6 c3 36. Bc5 $16) 34. g4 $5 (34. Qd8 b5 $2 (34... Be8 $142 $1 35.
Qxb6 Qxb6 36. Bxb6 Ke6 (36... c3 37. Bd4 c2 38. Bb2 Ke6 39. f4 Kf5 40. Bc1 h4
$14) 37. Bd4 Kf5 38. f3 h4 $14 39. Kf2 $140 Kf4 40. e6 Kf5 41. e7 Ke6 42. Bc5
c3 43. Ke3 Bb5 44. Bb4 d4+ 45. Kxd4 c2 46. Bd2 Kxe7 47. Kc3 Bf1 $10) 35. Bc5
Qxe5 $2 36. Qf8+ Ke6 37. Qe7+ Kf5 38. g4+ (38. Qf7+ Qf6 39. g4+ $18) 38... hxg4
39. hxg4+ Ke4 40. f3+ Kf4 41. Bd6 $18 {Dvoretzky}) 34... hxg4 35. hxg4 Ke8 (
35... Bd1 36. f3 (36. f3 $1 {Ftacnik} Bxf3 $2 37. Qf4+ $18)) (35... Bd7 36. f3
b5 $16) (35... Qe7 {Ftacnik} 36. Qh6 Qe6 37. f3 Bd1 38. Kf2 $16) 36. Kg2 Kd7 (
36... c3 37. Bxc3 d4 38. Bb4 Bc6+ 39. Kg3 $18) (36... b5 37. f3 $1 $16 {/\Qd2}
(37. Kg3 Bd1 38. f3 Qf7) 37... Qf7 38. Qd2 Qe7 39. Qa5 Qxa3 40. Qa8+ Ke7 41.
Qb7+ Kf8 42. Qc8+ $18) (36... Bd1 37. f3 Qf7 $6 38. Qe3 $18 {/\e6,Bb6}) 37. Kg3
(37. f3 $5 $16) 37... Bd1 38. f3 Kc7 $2 (38... b5 39. Qd2 $16 {/\ Qa5}) (38...
Qf7 $5 39. f4 (39. Qe3 $16 {Ftacnik}) 39... Bc2 $16) (38... Ba4 {Ftacnik} 39.
Qd2 $16) 39. Qf6 $1 $18 Qxf6 (39... Kd7 {Ftacnik} 40. Bxb6 c3 41. Qxe6+ Kxe6
42. Bd4 c2 43. Bb2 Be2 44. Kf2 Bb5 45. Ke3 $18) 40. exf6 Kd7 41. Bxb6 c3 42.
Bd4 c2 43. Bb2 Ke6 44. g5 Be2 45. Kf2 Bb5 46. Ke3 Be8 47. Kd3 Ba4 48. Kc3 Kd6
49. Bc1 Ke6 50. Kb4 (50. Kb4 {Ftacnik} Bc6 51. a4 d4 52. f4 d3 53. a5 Bb7 54.
Kb5 Bd5 55. Kb6 Kd7 56. a6 Be4 57. a7 Bd5 58. f5 $1 gxf5 59. g6 $18) 1-0

[Event "RUS-ch"]
[Site "Elista"]
[Date "1996.??.??"]
[Round "4"]
[White "Ibragimov, Ildar"]
[Black "Sokolov, Andrei"]
[Result "1/2-1/2"]
[WhiteElo "2545"]
[BlackElo "2585"]
[Annotator "Kantsler,B"]
[PlyCount "51"]
[EventDate "1996.10.15"]
[EventType "swiss"]
[EventRounds "11"]
[EventCountry "RUS"]
[SourceTitle "CBM 056"]
[Source "ChessBase"]
[SourceDate "1997.02.01"]
[SourceVersion "1"]
[SourceVersionDate "1997.02.01"]
[SourceQuality "1"]

1. d4 Nf6 2. c4 e6 3. Nc3 Bb4 4. e3 O-O 5. Bd3 d5 6. Nf3 b6 7. a3 Bd6 $5 (7...
Bxc3+ 8. bxc3 Ba6 9. cxd5 Bxd3 10. Qxd3 Qxd5 11. c4 Qb7 12. Bb2 Nbd7 $10 {
Granda Zuniga,J-Timman,J Buenos Aires 1991}) 8. e4 dxe4 9. Nxe4 Nbd7 10. O-O
Bb7 11. Qe2 (11. Nxd6 cxd6 12. Bg5 h6 13. Bh4 d5 14. cxd5 Bxd5 15. Re1 Qc7 16.
Ne5 Rfc8 17. Re3 Bb7 18. Qd2 Nxe5 19. dxe5 Nd5 20. Re4 $36 {Korchnoi,V-Timman,
J Horgen 1995 65/530 1:0 32}) (11. Nc3 $5 {Timmam,J}) 11... Nxe4 12. Bxe4 Bxe4
13. Qxe4 c5 14. Rd1 (14. Bg5 $5) 14... Qc7 15. Bg5 Rae8 16. Qd3 Be7 17. Bxe7
Rxe7 18. b4 e5 $5 19. Ng5 Nf6 20. dxc5 (20. bxc5 $5 bxc5 21. d5 e4 $13) 20...
bxc5 21. Ne4 (21. b5 e4 $13) 21... Nxe4 22. Qxe4 cxb4 23. axb4 Qb7 24. Qxb7
Rxb7 25. b5 Rc8 26. Ra4 $10 1/2-1/2